Outlines of Asian countries (Very Hard +) - Statistics

General Stats
  • This quiz has been taken 79 times
    56 since last reset
  • The average score is 30 of 72
Answer Stats
Picture Answer % Correct
Cyprus
79%
Turkey
76%
Vietnam
76%
India
74%
Japan
74%
Pakistan
74%
Philippines
74%
Sri Lanka
74%
Egypt
71%
Indonesia
71%
Thailand
71%
Bangladesh
68%
China
68%
Israel
68%
Kazakhstan
68%
Laos
68%
Mongolia
68%
Myanmar
68%
Nepal
68%
Yemen
68%
Jordan
65%
Russia
65%
Afghanistan
62%
Malaysia
62%
Iran
59%
Iraq
59%
Maldives
56%
Syria
56%
Uzbekistan
56%
Oman
53%
Qatar
53%
South Korea
53%
Tajikistan
53%
Kyrgyzstan
50%
Saudi Arabia
50%
Taiwan
50%
United Arab Emirates
50%
Brunei
47%
Georgia
44%
Kuwait
44%
North Korea
44%
Singapore
38%
Turkmenistan
38%
Cambodia
35%
East Timor / Timor Leste
35%
Azerbaijan
32%
Lebanon
32%
Armenia
29%
Bahrain
26%
Bhutan
24%
Northern Cyprus
24%
Palestine
24%
Macau / Macao
18%
Christmas Island
12%
Hokkaido
12%
Hong Kong
9%
Tibet Autonomous Region
9%
Xinjiang
9%
British Indian Ocean Territory
6%
Cocos Islands
6%
Karakalpakstan
6%
Buryatia
3%
Gorno-Badakhshan
3%
Okinawa
3%
Tuva
3%
Abkhazia
0%
Adjara
0%
Altai
0%
Khakassia
0%
Kurdistan
0%
Sakha / Yakutia
0%
South Ossetia
0%
No matching quizzes found
Score Distribution
Percent of People with Each Score
Percentile by Number Answered
Your Score History
You have not taken this quiz since the last reset